Zastave zemalja Sjeverne Amerike - Statistics

General Stats
  • This quiz has been taken 399 times
  • The average score is 16 of 23
Answer Stats
Picture Answer % Correct
Kanada
100%
Panama
90%
Meksiko
88%
Sjedinjene Američke Države
87%
Jamajka
83%
Kuba
81%
Kostarika
73%
Honduras
72%
Dominikanska Republika
70%
Haiti
68%
Barbados
66%
Sveta Lucija
66%
Trinidad i Tobago
65%
Antigva i Barbuda
62%
Belize
61%
Dominika
61%
El Salvador
60%
Nikaragva
60%
Gvatemala
59%
Bahami
58%
Grenada
56%
Sveti Kristofor i Nevis
48%
Sveti Vincent i Grenadini
48%
No matching quizzes found
Score Distribution
Percent of People with Each Score
Percentile by Number Answered
Your Score History
You have not taken this quiz